Statistics for Top 10 Most Asian U.S. States

Click here to take the quiz!

General Stats

  • This quiz has been taken 25,683 times
    (25,589 since last reset)
  • The average score is 7 of 10

Answer Stats

% State % Correct
14.8California
98%
8.6New York
98%
9.0Washington
89%
38.7Hawaii
75%
9.6New Jersey
67%
6.9Massachusetts
61%
8.5Nevada
60%
6.0Alaska
58%
6.4Maryland
52%
6.6Virginia
51%

Score Distribution

Percentile by Number Answered

Percent of People with Each Score

Your Score History

You have not taken this quiz since the last reset